[Event "XXXIII MIEDZYNARODOWE SZACHOWE MISTRZOSTWA MALOPOLSKI - Grupa A"]
[Site "Hotel Galaxy, ul. Gesia 22a, Krakow"]
[Date "1899-12-30"]
[Round "6.29"]
[White "Doraszelski, Alexander"]
[Black "Reichel, Lukasz"]
[Result "1-0"]
[WhiteTitle ""]
[BlackTitle "I"]
[WhiteElo "2132"]
[BlackElo "1922"]

1. e4 c5 2. Nc3 d6 3. d4 cxd4 4. Qxd4 Nc6 5. Qd2 g6 6. b3 Bh6 7. f4 Nf6 8. Bb2
O-O 9. O-O-O e5 10. g3 Re8 11. Bg2 Bg4 12. Re1 Nd4 13. Kb1 Qa5 14. Qf2 Rac8 15.
Re3 d5 16. fxe5 Nxc2 17. Qxc2 Bxe3 18. Qd3 d4 19. Nge2 Nd7 20. Nxd4 Bh6 21. e6
Ne5 22. exf7+ Kxf7 23. Qf1+ Kg8 24. Nd5 Nd7 25. Bh3 Bxh3 26. Qxh3 Bg7 27. Qxd7
Qd2 28. Ne7+ Rxe7 29. Qxc8+ Bf8 30. Qc4+ Rf7 31. Rf1 1-0

[Event "XXXIII MIEDZYNARODOWE SZACHOWE MISTRZOSTWA MALOPOLSKI - Grupa A"]
[Site "Hotel Galaxy, ul. Gesia 22a, Krakow"]
[Date "1899-12-30"]
[Round "6.30"]
[White "Kozlowski, Franciszek"]
[Black "Solano, Juan Pablo"]
[Result "1-0"]
[WhiteTitle "I+"]
[BlackTitle ""]
[WhiteElo "1900"]
[BlackElo "1955"]

1. d4 Nf6 2. c4 e6 3. Nf3 d5 4. g3 Be7 5. Bg2 O-O 6. O-O b6 7. Ne5 Bb7 8. Nc3 Nbd7
9. Bf4 c5 10. cxd5 Nxd5 11. Nxd5 exd5 12. Qa4 Nxe5 13. Bxe5 Qe8 14. Qb3 c4 15.
Qf3 b5 16. h4 Qd7 17. Kh2 a5 18. Bh3 Qc6 19. Bf5 Bc8 20. Bc2 Qe6 21. Rh1 Re8 22.
e4 Bb7 23. Rhe1 Bb4 24. exd5 Bxd5 25. Qh5 g6 26. Qh6 Bf8 27. Qf4 Ra6 28. Re3 f6
29. Rae1 Qf7 30. Bb8 g5 31. Qc7 Rxe3 32. Rxe3 gxh4 33. Qf4 hxg3+ 34. Rxg3+ Bg7
35. Qf5 Be6 36. Qxh7+ Kf8 37. Bf4 Ra7 38. Rxg7 1-0

[Event "XXXIII MIEDZYNARODOWE SZACHOWE MISTRZOSTWA MALOPOLSKI - Grupa A"]
[Site "Hotel Galaxy, ul. Gesia 22a, Krakow"]
[Date "1899-12-30"]
[Round "6.31"]
[White "Gora, Antonina"]
[Black "Adamczyk, Zuzanna"]
[Result "0-1"]
[WhiteTitle "k"]
[BlackTitle "WCM"]
[WhiteElo "1941"]
[BlackElo "1976"]

1. e4 c5 2. Nf3 g6 3. c4 Nc6 4. d4 cxd4 5. Nxd4 Bg7 6. Be3 Qb6 7. Nb5 Qa5+ 8. Bd2
Qd8 9. N1c3 a6 10. Na3 d6 11. Nc2 Nf6 12. Be2 O-O 13. O-O Be6 14. Kh1 Nd7 15.
Ne3 Nc5 16. Ned5 a5 17. Be3 h6 18. f4 Kh7 19. f5 Bxd5 20. exd5 Ne5 21. Bxc5 dxc5
22. Ne4 b6 23. a4 gxf5 24. Rxf5 e6 25. Rh5 Kg8 26. Nc3 Ng6 27. Qd2 e5 28. Rf1
Qd7 29. Rhf5 Ne7 30. Bd3 Nxf5 31. Bxf5 Qe7 32. Ne4 Rfd8 33. Qf2 Rd6 34. Nxd6 Qxd6
35. Be4 Rf8 36. Qf5 Qg6 37. Qf3 Qd6 38. g4 Qd7 39. b3 Kh8 40. Bc2 f5 41. Bxf5
Qe7 42. Qe2 e4 43. Re1 Re8 44. Bg6 Bc3 45. Rf1 Rf8 46. Rxf8+ Qxf8 47. Bxe4 Qf4
48. Qf3 Qxf3+ 49. Bxf3 Be5 50. Kg2 Kg7 51. Be4 Kf6 52. h4 Bd6 53. Kf3 Be7 54.
Kf4 Bd6+ 55. Kf3 Be7 56. Bf5 Ke5 57. Kg3 Bf6 58. Bg6 Be7 59. Bb1 Bf6 60. g5 hxg5
61. h5 Bg7 62. Kg4 Bh6 63. Bc2 Kf6 64. Bf5 Bf8 65. Bc2 Bh6 66. Kg3 Bf8 67. Kf3
Ke5 68. Bb1 Kf6 69. Kg4 Bh6 70. d6 Ke6 71. d7 Kxd7 72. Kf5 g4 73. Kg6 g3 74. Be4
Bd2 75. h6 Ke6 76. Bd5+ Kd6 77. Kg7 Bc3+ 78. Kg8 Ke5 79. h7 Kf4 80. h8=Q Bxh8
81. Kxh8 Ke3 82. Kg7 Kd3 83. b4 axb4 0-1

[Event "XXXIII MIEDZYNARODOWE SZACHOWE MISTRZOSTWA MALOPOLSKI - Grupa A"]
[Site "Hotel Galaxy, ul. Gesia 22a, Krakow"]
[Date "1899-12-30"]
[Round "7.2"]
[White "Sieciechowicz, Marcin"]
[Black "Suder, Jakub"]
[Result "1-0"]
[WhiteTitle "IM"]
[BlackTitle "FM"]
[WhiteElo "2387"]
[BlackElo "2265"]

1. d4 d6 2. c4 e5 3. d5 Nf6 4. Nc3 Bf5 5. f3 e4 6. Qd4 Be7 7. g4 Bg6 8. g5 Nh5
9. Nxe4 O-O 10. Nh3 Nd7 11. Bd2 Nc5 12. Ng3 Re8 13. Nxh5 Bxh5 14. O-O-O Bg6 15.
Rg1 Qd7 16. Nf4 Qa4 17. Nxg6 hxg6 18. Bc3 Bf8 19. Kb1 Re3 20. Qxe3 Qxd1+ 21. Qc1
Qxc1+ 22. Kxc1 Na4 23. Bd4 c5 24. Bf2 Re8 25. Kc2 Kh7 26. e4 Be7 27. Bd3 f6 28.
b3 Nb6 29. gxf6 Bxf6 30. f4 1-0

[Event "XXXIII MIEDZYNARODOWE SZACHOWE MISTRZOSTWA MALOPOLSKI - Grupa A"]
[Site "Hotel Galaxy, ul. Gesia 22a, Krakow"]
[Date "1899-12-30"]
[Round "7.3"]
[White "Bus, Konrad"]
[Black "Kyc, Jerzy"]
[Result "1/2-1/2"]
[WhiteTitle "k"]
[BlackTitle "m"]
[WhiteElo "2256"]
[BlackElo "2276"]

1. d4 Nf6 2. c4 c5 3. Nf3 cxd4 4. Nxd4 Nc6 5. Nc3 g6 6. g3 Bg7 7. Bg2 O-O 8. O-O
Qb6 9. Nc2 d6 10. b3 Qa5 11. Bd2 Qh5 12. e4 Bg4 13. f3 Bh3 14. Qe2 Bxg2 15. Kxg2
e6 16. Rad1 Qa5 17. a3 a6 18. Nd5 Qd8 19. Ndb4 Qe7 20. Nxc6 bxc6 21. e5 dxe5 22.
Qxe5 Qb7 23. Qe3 c5 24. Ba5 Ng4 25. Qe2 Rab8 26. Rb1 Ne5 27. Qe3 Rfc8 28. Bc3
Qc7 29. Rfe1 Nd7 30. Bxg7 Kxg7 31. Red1 Rb7 32. Qc3+ Qe5 33. Qxe5+ Nxe5 34. f4
Nc6 35. Rd6 Na5 36. Ne3 Nxb3 37. Rxa6 Rd8 38. Rd1 Nd4 39. Rd2 Rdb8 40. Nd1 Rb1
41. Ra7 Rc1 42. Nf2 Rxc4 43. Ng4 Nc6 44. Rc7 h5 45. Ne3 Rc3 46. Rxc6 Rxe3 47.
Rxc5 Rxa3 48. Rc7 Ra5 49. h4 Rb3 50. Rdd7 Rb2+ 51. Kh3 Rf5 52. Re7 Kf8 53. Rb7
Re2 54. Ra7 Re3 55. Kh2 Kg7 56. Kg2 Kf8 57. Kh2 e5 58. Rxe5 Rexe5 59. fxe5 Rxe5
60. Kg2 Re7 61. Ra5 f6 62. Kf3 Kf7 63. Kf4 Kg7 64. Ra6 Re1 65. Ra7+ Kh6 66. Kf3
Re6 67. Rb7 g5 68. hxg5+ fxg5 69. Rb5 Kg6 70. Kf2 Rd6 71. Ra5 Rd2+ 72. Kg1 Kf6
73. Kf1 Rc2 74. Rb5 Rd2 75. Ra5 Rh2 76. Rb5 Rd2 77. Ra5 Rd4 78. Kf2 Re4 79. Kf3
Re5 80. Ra8 Re6 81. Rh8 Kg6 82. Rg8+ Kf5 83. Rh8 g4+ 84. Kf2 Ke4 85. Ra8 Rf6+
86. Kg2 Rd6 87. Re8+ Kd4 88. Kf2 Rd5 89. Ra8 Rf5+ 90. Kg2 Rc5 91. Rd8+ Rd5 92.
Re8 Kd3 93. Rh8 Kd2 94. Rh7 Re5 95. Kf2 Re2+ 96. Kf1 Re1+ 97. Kf2 Re2+ 98. Kf1
Re5 99. Kf2 Rd5 100. Rh8 Kd3 101. Rh7 Rd4 102. Rxh5 Ke4 103. Ra5 Rd2+ 104. Kf1
Ke3 105. Rf5 Rd1+ 106. Kg2 Rd2+ 107. Kf1 Rd1+ 108. Kg2 Rd2+ 1/2-1/2

[Event "XXXIII MIEDZYNARODOWE SZACHOWE MISTRZOSTWA MALOPOLSKI - Grupa A"]
[Site "Hotel Galaxy, ul. Gesia 22a, Krakow"]
[Date "1899-12-30"]
[Round "7.5"]
[White "Kacprzak, Karol"]
[Black "Licznerski, Lukasz"]
[Result "1-0"]
[WhiteTitle "k+"]
[BlackTitle "IM"]
[WhiteElo "2229"]
[BlackElo "2460"]

1. e4 c6 2. Nf3 d5 3. Nc3 Bg4 4. h3 Bxf3 5. Qxf3 e6 6. Be2 Bd6 7. O-O Ne7 8. d4
O-O 9. Rd1 f5 10. exd5 exd5 11. Bd3 Nd7 12. Bg5 g6 13. Ne2 Nf6 14. Bxf6 Rxf6 15.
c4 dxc4 16. Bxc4+ Kg7 17. a3 Qd7 18. Rd2 Rd8 19. Rad1 Nc8 20. b4 Nb6 21. Bb3 Re8
22. d5 cxd5 23. Bxd5 Nxd5 24. Rxd5 Qe7 25. Nf4 Kh6 26. h4 Bb8 27. R5d4 Rd6 28.
Rxd6 Bxd6 29. g3 Bb8 30. Nh3 Be5 31. Re1 Kg7 32. Qd5 Qf6 33. Qxb7+ Re7 34. Qf3
Bb2 35. Rxe7+ Qxe7 36. Nf4 Qe4 37. Qd1 Kh6 38. Qd8 Qe1+ 39. Kg2 Qe4+ 40. Kh2 Qe1
41. Qf8+ Bg7 42. Qc5 a6 43. a4 Qe4 44. Qc1 Bf6 45. Nd5+ 1-0

[Event "XXXIII MIEDZYNARODOWE SZACHOWE MISTRZOSTWA MALOPOLSKI - Grupa A"]
[Site "Hotel Galaxy, ul. Gesia 22a, Krakow"]
[Date "1899-12-30"]
[Round "7.6"]
[White "Mis, Mieszko"]
[Black "Kondys, Piotr"]
[Result "1/2-1/2"]
[WhiteTitle "FM"]
[BlackTitle "I"]
[WhiteElo "2364"]
[BlackElo "1929"]

1. Nf3 d5 2. e3 Nf6 3. c4 e6 4. Nc3 Nbd7 5. b3 b6 6. cxd5 exd5 7. g3 Bb7 8. Bg2
g6 9. O-O Bg7 10. Ba3 c5 11. d4 O-O 12. Rc1 Rc8 13. Re1 Ne4 14. Na4 Re8 15. Bf1
a6 16. dxc5 bxc5 17. Bg2 Qa5 18. Re2 Nc3 19. Nxc3 Qxa3 20. Nd2 Bxc3 21. Nb1 Qb4
22. Nxc3 d4 23. a3 Qb6 24. Na4 Qb5 25. e4 Bd5 26. b4 Bc4 27. Rd2 cxb4 28. Rb1
b3 29. Nb2 Be6 30. Rxd4 Rc2 31. Nd3 Ne5 32. Nb4 Qc5 33. Nxa6 Qxa3 34. Nb4 Rc4
35. Nd5 Bxd5 36. exd5 b2 37. Rxc4 Nxc4 38. Bf1 Nd6 39. Qd4 Rb8 40. h4 Qb4 41.
Qe5 Rb6 42. Bd3 Qd2 43. Qe3 Qxe3 44. fxe3 Rb3 45. Bc2 Rb4 46. Bd3 Rb3 47. Bc2
Rxe3 48. Kf2 Re5 49. Rxb2 Rxd5 50. Rb8+ Kg7 51. Ke3 Rc5 52. Bd3 Rc8 53. Rb6 Rd8
54. Ra6 Nb7 55. Ra7 Nc5 56. Bc4 Rd7 57. Ra5 Re7+ 58. Kf3 Nd7 59. Be2 h6 60. Kf2
Ne5 61. Rb5 Nc6 62. Rd5 Ne5 63. Rb5 f5 64. Rb6 g5 65. hxg5 hxg5 66. Ra6 f4 67.
gxf4 gxf4 68. Ra4 Rf7 69. Re4 Kf6 1/2-1/2

[Event "XXXIII MIEDZYNARODOWE SZACHOWE MISTRZOSTWA MALOPOLSKI - Grupa A"]
[Site "Hotel Galaxy, ul. Gesia 22a, Krakow"]
[Date "1899-12-30"]
[Round "7.7"]
[White "Aymerich Verdaguer, Eduard"]
[Black "Wiewiora, Eneasz"]
[Result "1-0"]
[WhiteTitle "CM"]
[BlackTitle "FM"]
[WhiteElo "2189"]
[BlackElo "2314"]

1. d4 Nf6 2. c4 g6 3. Nc3 Bg7 4. e4 d6 5. h3 O-O 6. Nf3 e5 7. d5 Na6 8. Be3 Nc5
9. Nd2 a5 10. g4 c6 11. Be2 Bd7 12. g5 Ne8 13. h4 f5 14. h5 Rf7 15. Rg1 Nc7 16.
Qc2 Qe8 17. exf5 Bxf5 18. Nde4 cxd5 19. cxd5 N7a6 20. Bxa6 Nxa6 21. Qe2 Qd8 22.
h6 Bf8 23. Rc1 Be7 24. f3 Rc8 25. Kf2 Nb4 26. Qd2 Nxa2 27. Ra1 Nxc3 28. Nxc3 b5
29. Kg3 b4 30. Ne4 Bxe4 31. fxe4 Rc4 32. Rgf1 Qf8 33. Qd3 Rc8 34. Rxf7 Qxf7 35.
Rxa5 Qe8 36. Qb5 Qd8 37. Ra7 Bxg5 38. Qb7 Bf4+ 39. Kf3 1-0

[Event "XXXIII MIEDZYNARODOWE SZACHOWE MISTRZOSTWA MALOPOLSKI - Grupa A"]
[Site "Hotel Galaxy, ul. Gesia 22a, Krakow"]
[Date "1899-12-30"]
[Round "7.8"]
[White "Kaliszuk, Kamil"]
[Black "Kacprzak, Kacper"]
[Result "1/2-1/2"]
[WhiteTitle "k"]
[BlackTitle "k++"]
[WhiteElo "2249"]
[BlackElo "2228"]

1. e4 e6 2. Qe2 c5 3. Nf3 Nc6 4. g3 g6 5. Bg2 Bg7 6. O-O Nge7 7. d3 O-O 8. Nbd2
e5 9. c3 d5 10. exd5 Nxd5 11. Nc4 Re8 12. a4 f6 13. Nfd2 Be6 14. Ne4 Bf8 15. a5
Rc8 1/2-1/2

[Event "XXXIII MIEDZYNARODOWE SZACHOWE MISTRZOSTWA MALOPOLSKI - Grupa A"]
[Site "Hotel Galaxy, ul. Gesia 22a, Krakow"]
[Date "1899-12-30"]
[Round "7.9"]
[White "Klepek, Witold"]
[Black "Zarnowski, Krzysztof"]
[Result "1-0"]
[WhiteTitle "k++"]
[BlackTitle "I++"]
[WhiteElo "2236"]
[BlackElo "2079"]

1. e4 c6 2. d4 d5 3. f3 Qb6 4. a4 e5 5. Ne2 Be6 6. a5 Qc7 7. exd5 Bxd5 8. dxe5
Nd7 9. Nbc3 Bb4 10. Bf4 Be6 11. a6 b5 12. Nd4 O-O-O 13. Nxe6 fxe6 14. Qd4 Bc5
15. Qe4 Qb6 16. Bd3 Bf2+ 17. Kf1 Nc5 18. Be3 Nxe4 19. Bxb6 Bxb6 20. Nxe4 Nh6 21.
Ke2 Bd4 22. f4 Bxb2 23. Rab1 Ba3 24. c4 Nf5 25. cxb5 Nd4+ 26. Kf2 cxb5 27. Bxb5
Rhf8 28. g3 Rd5 29. Bd3 Rxe5 30. Rb7 g5 31. Ra1 gxf4 32. Rxa3 fxg3+ 33. Kg2 gxh2
34. Rc3+ Kd8 35. Rb8+ 1-0

[Event "XXXIII MIEDZYNARODOWE SZACHOWE MISTRZOSTWA MALOPOLSKI - Grupa A"]
[Site "Hotel Galaxy, ul. Gesia 22a, Krakow"]
[Date "1899-12-30"]
[Round "7.10"]
[White "Hnatyshyn, Anastasiia"]
[Black "Lewicki, Miroslaw"]
[Result "1/2-1/2"]
[WhiteTitle "WFM"]
[BlackTitle "IM"]
[WhiteElo "2127"]
[BlackElo "2359"]

1. e4 c5 2. Nf3 d6 3. d4 cxd4 4. Nxd4 Nf6 5. Nc3 a6 6. g3 g6 7. Bg2 Bg7 8. O-O
O-O 9. a4 Nbd7 10. a5 Ne5 11. b3 Bd7 12. Nd5 Nc6 13. Nxc6 bxc6 14. Nxf6+ Bxf6
15. Ra2 Rb8 16. Bd2 c5 17. Qe2 c4 18. Rb1 Be6 19. Ra3 Qd7 20. b4 h5 21. f4 Rb5
22. Be1 Kg7 23. h4 Rc8 24. Rd1 Bb2 25. Qe3 Bxa3 26. f5 c3 27. Bxc3+ f6 28. Bd2
Bxf5 29. exf5 Qxf5 30. Qxe7+ Kh8 31. Bc3 Re5 32. Bxe5 Qxe5 33. Qxd6 Qxd6 34. Rxd6
Kg7 35. Rd7+ Kh6 36. b5 axb5 37. a6 Rxc2 38. a7 Bc5+ 39. Kh2 Bxa7 40. Rxa7 b4
41. Rb7 Rc4 42. Bd5 Rd4 43. Bf7 Rg4 44. Rb6 f5 45. Kh3 Kg7 46. Be8 Kh6 47. Bf7
Kg7 48. Be8 Kh6 1/2-1/2

[Event "XXXIII MIEDZYNARODOWE SZACHOWE MISTRZOSTWA MALOPOLSKI - Grupa A"]
[Site "Hotel Galaxy, ul. Gesia 22a, Krakow"]
[Date "1899-12-30"]
[Round "7.11"]
[White "Dylag, Emilia"]
[Black "Orzech, Dominik"]
[Result "1-0"]
[WhiteTitle "WFM"]
[BlackTitle "IM"]
[WhiteElo "2095"]
[BlackElo "2291"]

1. d4 Nf6 2. c4 c5 3. d5 b5 4. Qc2 g6 5. e4 d6 6. Nf3 Bg7 7. Be2 O-O 8. cxb5 a6
9. Nc3 Qa5 10. O-O Nbd7 11. h3 axb5 12. Bxb5 Ba6 13. a4 Rfb8 14. Ra3 Qd8 15. Re1
Ne8 16. Bc6 Bb7 17. Bf4 Qc8 18. Bb5 Nc7 19. e5 Bf8 1-0

[Event "XXXIII MIEDZYNARODOWE SZACHOWE MISTRZOSTWA MALOPOLSKI - Grupa A"]
[Site "Hotel Galaxy, ul. Gesia 22a, Krakow"]
[Date "1899-12-30"]
[Round "7.12"]
[White "Tymrakiewicz, Rafal"]
[Black "Meers, Hubert"]
[Result "0-1"]
[WhiteTitle "FM"]
[BlackTitle "k"]
[WhiteElo "2154"]
[BlackElo "2071"]

1. d4 Nf6 2. Nf3 b6 3. Bg5 Bb7 4. Nbd2 d5 5. e3 e6 6. Bb5+ c6 7. Bd3 Be7 8. a4
c5 9. c3 Nc6 10. Qe2 Rc8 11. O-O O-O 12. Rfd1 Qc7 13. dxc5 bxc5 14. e4 dxe4 15.
Nxe4 Nd5 16. g3 Ne5 17. Nxe5 Qxe5 18. Bxe7 Nxe7 19. Nd6 Qxe2 20. Bxe2 Rb8 21.
Nxb7 Rxb7 22. Rd2 Rfb8 23. Rad1 g6 24. Rd8+ Rxd8 25. Rxd8+ Kg7 26. Rd2 Kf6 27.
Kf1 Nd5 28. Bf3 Rd7 29. Ke2 a5 30. Be4 Ke7 31. Bd3 Nb6 32. Bb5 Rxd2+ 33. Kxd2
Kd6 34. h4 h6 35. Kc2 g5 36. hxg5 hxg5 37. Kb3 Kd5 38. Kc2 e5 39. b3 e4 40. Be8
f5 41. Bf7+ Kd6 42. Bg6 Ke5 43. Be8 f4 44. gxf4+ gxf4 45. Bc6 Nd5 46. Bb5 Nf6
47. Kd2 Ng4 48. Ke1 f3 49. Bc6 Kf4 50. Bd7 Ne5 51. Bb5 e3 52. fxe3+ Kxe3 53. Bf1
Nd3+ 54. Kd1 c4 55. b4 Kf2 56. Bh3 Kg1 57. Kd2 f2 58. Ke3 Ne1 59. Kd4 0-1

[Event "XXXIII MIEDZYNARODOWE SZACHOWE MISTRZOSTWA MALOPOLSKI - Grupa A"]
[Site "Hotel Galaxy, ul. Gesia 22a, Krakow"]
[Date "1899-12-30"]
[Round "7.13"]
[White "Kubica, Kamil"]
[Black "Czarnecka, Lidia"]
[Result "1-0"]
[WhiteTitle "k"]
[BlackTitle "WCM"]
[WhiteElo "2139"]
[BlackElo "2027"]

1. d4 d5 2. c4 c6 3. cxd5 cxd5 4. Nc3 Nf6 5. f3 Nc6 6. e4 e6 7. e5 Nd7 8. f4 Qb6
9. Nf3 Be7 10. f5 Nf8 11. Bd3 Bd7 12. Bb1 O-O-O 13. O-O f6 14. Na4 Qc7 15. Bf4
g5 16. Bg3 Qa5 17. exf6 Bxf6 18. Nc5 Bxd4+ 19. Nxd4 Qxc5 20. Bf2 Qa5 21. Nb3 Qc7
22. Nc5 exf5 23. Qxd5 Be6 24. Qf3 Kb8 25. Bxf5 Ne5 26. Qe4 Bd5 27. Qb4 Ka8 28.
Rac1 Nc6 29. Qa4 Ng6 30. b4 Nf4 31. Rfe1 Nxg2 32. Ne6 Qb8 33. Bb6 Rc8 34. Re2
Nh4 35. Rc5 Bxe6 36. Bxe6 Nd4 37. Bxc8 Nxe2+ 38. Kh1 Nf3 39. Bc7 Qxc8 40. Qxa7+
1-0

[Event "XXXIII MIEDZYNARODOWE SZACHOWE MISTRZOSTWA MALOPOLSKI - Grupa A"]
[Site "Hotel Galaxy, ul. Gesia 22a, Krakow"]
[Date "1899-12-30"]
[Round "7.14"]
[White "Malicka, Maria"]
[Black "Karut, Kacper"]
[Result "1/2-1/2"]
[WhiteTitle "WGM"]
[BlackTitle "I"]
[WhiteElo "2255"]
[BlackElo "1954"]

1. e4 c5 2. Nf3 Nc6 3. d4 cxd4 4. Nxd4 Nf6 5. Nc3 d6 6. Bg5 Bd7 7. Qd2 Rc8 8. f4
Nxd4 9. Qxd4 Qa5 10. e5 dxe5 11. fxe5 e6 12. O-O-O Bc5 13. Qd3 Nd5 14. Nxd5 exd5
15. Qxd5 Bc6 16. Qc4 O-O 17. Kb1 Bb6 18. Qf4 Bc7 19. Bd3 Bxe5 1/2-1/2

[Event "XXXIII MIEDZYNARODOWE SZACHOWE MISTRZOSTWA MALOPOLSKI - Grupa A"]
[Site "Hotel Galaxy, ul. Gesia 22a, Krakow"]
[Date "1899-12-30"]
[Round "7.15"]
[White "Kaim, Piotr"]
[Black "Kumor, Lukasz"]
[Result "0-1"]
[WhiteTitle "m"]
[BlackTitle "k"]
[WhiteElo "2167"]
[BlackElo "2052"]

1. e4 e6 2. d4 d5 3. e5 c5 4. c3 Nc6 5. Nf3 Nge7 6. Na3 cxd4 7. cxd4 Nf5 8. Nc2
Be7 9. Bd3 Qb6 10. Rb1 Bd7 11. O-O a5 12. a3 a4 13. Bxf5 exf5 14. Bg5 Bxg5 15.
Nxg5 O-O 16. Qd2 Ra5 17. Nh3 Rb5 18. Nf4 Be6 19. Ne2 Rxb2 20. Nc3 Rxb1 21. Rxb1
Qa6 22. Nb4 Qc4 23. Nxc6 Qxc6 24. h4 Rc8 25. Nb5 h6 26. Nd6 Qc3 27. Qd1 Ra8 28.
Nb5 Qc4 29. Rb4 Qa2 30. Qb1 Qxb1+ 31. Rxb1 Rc8 32. Rb4 Rc1+ 33. Kh2 Ra1 34. Rxa4
Ra2 35. f3 Bd7 36. Ra8+ Kh7 37. Nd6 Rd2 38. Nxf7 Rxd4 39. Nd8 Rxh4+ 40. Kg3 Ra4
41. Rxa4 Bxa4 42. Nxb7 d4 43. Nc5 Bb5 44. a4 d3 45. Nb3 Bxa4 46. Nd2 g5 47. f4
Kg6 48. fxg5 hxg5 49. Kf2 f4 50. g4 fxg3+ 51. Kxg3 Kf5 52. Nc4 Bc6 53. Kf2 Bd5
54. Nb2 Ke4 55. Kg3 d2 56. Kg4 Bb3 57. Kxg5 Kxe5 58. Kg4 Ke4 59. Kg3 Ke3 60. Kg4
Be6+ 61. Kg3 Kd4 62. Kf4 Bb3 63. Kf3 Kc3 64. Ke2 Kc2 65. Ke3 Bc4 0-1

[Event "XXXIII MIEDZYNARODOWE SZACHOWE MISTRZOSTWA MALOPOLSKI - Grupa A"]
[Site "Hotel Galaxy, ul. Gesia 22a, Krakow"]
[Date "1899-12-30"]
[Round "7.16"]
[White "Poysti, Nathanael"]
[Black "Malik, Maciej"]
[Result "1/2-1/2"]
[WhiteTitle ""]
[BlackTitle "k"]
[WhiteElo "2131"]
[BlackElo "2045"]

1. c4 Nf6 2. g3 g6 3. Bg2 Bg7 4. Nc3 d6 5. d3 O-O 6. e4 e5 7. Nge2 c6 8. O-O Na6
9. h3 Nc7 10. f4 exf4 11. Bxf4 d5 12. cxd5 cxd5 13. e5 Nd7 14. d4 Nb6 15. a4 Be6
16. a5 Nd7 17. b4 f6 18. exf6 Nxf6 19. Qb3 Qd7 20. Kh2 Rac8 21. Na4 Ne4 22. Bxc7
Rxf1 23. Bxf1 Rxc7 24. Nc5 Nxc5 25. bxc5 Rxc5 26. dxc5 Bxa1 27. Nf4 Bf7 28. Bg2
Qc6 29. Bxd5 Bxd5 30. Nxd5 Qxc5 1/2-1/2

[Event "XXXIII MIEDZYNARODOWE SZACHOWE MISTRZOSTWA MALOPOLSKI - Grupa A"]
[Site "Hotel Galaxy, ul. Gesia 22a, Krakow"]
[Date "1899-12-30"]
[Round "7.17"]
[White "Majek, Kacper"]
[Black "Makhynia, Kostiantyn"]
[Result "1/2-1/2"]
[WhiteTitle "k"]
[BlackTitle "I"]
[WhiteElo "2083"]
[BlackElo "2015"]

1. e4 c5 2. Nf3 Nc6 3. Bb5 e5 4. O-O Bd6 5. d3 a6 6. Bc4 b5 7. Bb3 Nf6 8. Nh4 Nd4
9. c3 Nxb3 10. axb3 O-O 11. Nf5 Be7 12. f4 exf4 13. e5 Ne8 14. Qf3 Ra7 15. Bxf4
d6 16. Nxe7+ Rxe7 17. Bg5 f6 18. exf6 Nxf6 19. Nd2 h6 20. Bxf6 Rxf6 21. Qd5+ Rfe6
22. Ne4 Bb7 23. Qf5 Qa8 24. Rf4 Re5 25. Qg6 Bxe4 26. Rxe4 Rxe4 27. dxe4 Qxe4 1/2-1/2

[Event "XXXIII MIEDZYNARODOWE SZACHOWE MISTRZOSTWA MALOPOLSKI - Grupa A"]
[Site "Hotel Galaxy, ul. Gesia 22a, Krakow"]
[Date "1899-12-30"]
[Round "7.18"]
[White "Kulesza, Andrzej"]
[Black "Ten Have, Roland"]
[Result "1/2-1/2"]
[WhiteTitle "I++"]
[BlackTitle ""]
[WhiteElo "2064"]
[BlackElo "1937"]

1. e4 e6 2. d4 d5 3. Nd2 dxe4 4. Nxe4 Be7 5. Nf3 Nf6 6. Nxf6+ Bxf6 7. Bd3 Bd7 8.
O-O Bc6 9. c3 O-O 10. Re1 Bxf3 11. Qxf3 c6 12. Bf4 Nd7 13. Rad1 Nb6 14. Bb1 Qe7
15. Rd3 1/2-1/2

[Event "XXXIII MIEDZYNARODOWE SZACHOWE MISTRZOSTWA MALOPOLSKI - Grupa A"]
[Site "Hotel Galaxy, ul. Gesia 22a, Krakow"]
[Date "1899-12-30"]
[Round "7.19"]
[White "Barwinska, Ewa"]
[Black "Wnek, Filip"]
[Result "1/2-1/2"]
[WhiteTitle "WCM"]
[BlackTitle "I++"]
[WhiteElo "1953"]
[BlackElo "2057"]

1. e4 c5 2. Nf3 d6 3. d4 cxd4 4. Nxd4 Nf6 5. Nc3 a6 6. Bg5 e6 7. f4 Be7 8. Qf3
h6 9. Bh4 Nbd7 10. O-O-O Qc7 11. Be2 Rg8 12. Bg3 g5 13. e5 g4 14. Qf1 dxe5 15.
f5 Qc5 16. fxe6 exd4 17. exf7+ Kxf7 18. Ne4 Qa5 19. Bc4+ Kg7 20. Bxg8 Kxg8 21.
Qc4+ Qd5 22. Rxd4 Qxc4 23. Rxc4 Nxe4 24. Rxe4 Bg5+ 25. Kb1 Nf6 26. Rb4 b5 27.
h4 gxh3 28. gxh3 Bf5 29. h4 Bd2 30. Rd4 Be3 31. Rdd1 Rc8 32. Rh2 Ne4 33. Be1 Bg4
34. Rg2 h5 35. Ba5 Kf7 36. Re1 Re8 37. Rxe3 Nc3+ 38. Bxc3 Rxe3 39. a3 Re2 40.
Rxe2 Bxe2 41. Kc1 Ke6 42. Kd2 Bg4 43. Ba5 Kd5 44. Kc3 Bd1 45. Kd3 Bg4 46. b3 Bf5+
47. Kc3 Bg6 1/2-1/2

[Event "XXXIII MIEDZYNARODOWE SZACHOWE MISTRZOSTWA MALOPOLSKI - Grupa A"]
[Site "Hotel Galaxy, ul. Gesia 22a, Krakow"]
[Date "1899-12-30"]
[Round "7.20"]
[White "Krawczyk, Wojciech"]
[Black "Markowski, Damian"]
[Result "1-0"]
[WhiteTitle "I++"]
[BlackTitle "FM"]
[WhiteElo "1985"]
[BlackElo "2160"]

1. d4 Nf6 2. Bg5 d5 3. Bxf6 gxf6 4. g3 c6 5. Bg2 Qb6 6. b3 e5 7. e3 Be6 8. Ne2
Nd7 9. O-O O-O-O 10. Nd2 Kb8 11. c4 h5 12. h4 Bh6 13. Nc3 exd4 14. cxd5 Ne5 15.
exd4 Qxd4 16. Nde4 Qb4 17. a3 Qf8 18. Qe2 Bg4 19. f3 Bd7 20. Kh1 Qg7 21. f4 Bg4
22. Qf2 f5 23. Nc5 Nd3 24. Nxd3 Qxc3 25. Ne5 cxd5 26. Rfc1 Qa5 27. Nxf7 Bg7 28.
Ra2 Rc8 29. Rac2 Rhf8 30. b4 Qxa3 31. Rxc8+ Rxc8 32. Rxc8+ Kxc8 33. Qc5+ Kd7 34.
Qd6+ Ke8 35. Qe6+ Kf8 36. Nd6 1-0

[Event "XXXIII MIEDZYNARODOWE SZACHOWE MISTRZOSTWA MALOPOLSKI - Grupa A"]
[Site "Hotel Galaxy, ul. Gesia 22a, Krakow"]
[Date "1899-12-30"]
[Round "7.21"]
[White "Syrkiewicz, Michal"]
[Black "Orzechowski, Jacek"]
[Result "0-1"]
[WhiteTitle "k"]
[BlackTitle "m"]
[WhiteElo "1945"]
[BlackElo "2139"]

1. e4 e6 2. d4 d5 3. Nc3 Bb4 4. e5 Ne7 5. h4 c5 6. a3 Ba5 7. b4 cxd4 8. Nb5 Bc7
9. f4 Nf5 10. Bd3 Bd7 11. Nf3 Bxb5 12. Bxb5+ Nc6 13. Nxd4 Nfxd4 14. Qxd4 O-O 15.
Bxc6 bxc6 16. Qc3 c5 17. Qg3 f6 18. Bb2 fxe5 19. Bxe5 Bxe5 20. fxe5 cxb4 21. axb4
Qb6 22. c3 a5 23. bxa5 Qb2 24. Rd1 Qc2 25. Qe3 Rxa5 26. Qd2 Qf5 27. Qe2 Ra4 28.
Rf1 Qxf1+ 29. Qxf1 Rxf1+ 30. Kxf1 Rxh4 31. Kf2 Re4 32. Ra1 Rxe5 33. Ra7 Re4 34.
Rc7 h6 35. Kf3 Kh7 36. Rc6 Kg6 37. c4 Rxc4 38. Rxe6+ Kf5 39. Re7 Rc3+ 40. Kf2
Kf6 41. Rd7 Rd3 42. Ke2 Rg3 43. Kf2 Rg5 44. Kf3 Ke5 45. Ra7 h5 46. g3 g6 47. Ra6
Rf5+ 48. Ke3 Rf6 49. Ra4 Rb6 50. Ra5 Rb3+ 51. Kf2 Rb4 52. Ke3 g5 53. Ra8 Rb3+
54. Kf2 Rb2+ 55. Ke3 d4+ 56. Kd3 Rb3+ 57. Kc4 Rc3+ 58. Kb4 Rxg3 0-1

[Event "XXXIII MIEDZYNARODOWE SZACHOWE MISTRZOSTWA MALOPOLSKI - Grupa A"]
[Site "Hotel Galaxy, ul. Gesia 22a, Krakow"]
[Date "1899-12-30"]
[Round "7.22"]
[White "Molnar, Laszlo"]
[Black "Kasperek, Ryszard"]
[Result "0-1"]
[WhiteTitle ""]
[BlackTitle "m"]
[WhiteElo "1978"]
[BlackElo "2065"]

1. e4 c5 2. b4 cxb4 3. a3 e5 4. Nf3 Nc6 5. Bb2 bxa3 6. Nxa3 d6 7. d4 Bg4 8. dxe5
dxe5 9. Qxd8+ Rxd8 10. Nxe5 Bb4+ 11. c3 Bxa3 0-1

[Event "XXXIII MIEDZYNARODOWE SZACHOWE MISTRZOSTWA MALOPOLSKI - Grupa A"]
[Site "Hotel Galaxy, ul. Gesia 22a, Krakow"]
[Date "1899-12-30"]
[Round "7.23"]
[White "Muller, Maxime"]
[Black "Trybus, Daniel"]
[Result "0-1"]
[WhiteTitle ""]
[BlackTitle "k"]
[WhiteElo "1974"]
[BlackElo "2014"]

1. e4 Nf6 2. Nc3 d5 3. exd5 g6 4. Bb5+ Nbd7 5. Nf3 a6 6. Be2 Bg7 7. d4 b5 8. O-O
O-O 9. Ne5 Nb6 10. Re1 Bb7 11. Nc6 Qd6 12. Bf3 Rfe8 13. Na5 Bxd5 14. Nxd5 Nfxd5
15. b3 Rac8 16. Bb2 b4 17. Nc4 Nxc4 18. bxc4 Nc3 19. Bxc3 bxc3 20. d5 Rb8 21.
g3 Rb2 22. Re3 Reb8 23. Qe1 Bf6 24. Rxc3 Bxc3 25. Qxc3 Qb4 26. Qd3 Rxa2 27. Rxa2
Qb1+ 28. Kg2 Qxa2 29. c5 a5 30. Qe4 e6 31. c4 exd5 32. cxd5 a4 33. Qe5 a3 34.
d6 Qe6 35. Qc3 a2 36. Qd4 cxd6 37. c6 Ra8 0-1

[Event "XXXIII MIEDZYNARODOWE SZACHOWE MISTRZOSTWA MALOPOLSKI - Grupa A"]
[Site "Hotel Galaxy, ul. Gesia 22a, Krakow"]
[Date "1899-12-30"]
[Round "7.24"]
[White "Lecki, Leonard"]
[Black "Mirski, Michal"]
[Result "1-0"]
[WhiteTitle "I+"]
[BlackTitle "I++"]
[WhiteElo "1914"]
[BlackElo "1986"]

1. e4 c5 2. Nf3 Nc6 3. d4 cxd4 4. Nxd4 e6 5. Nc3 Qc7 6. Ndb5 Qb8 7. Be3 a6 8. Bb6
axb5 9. Nxb5 Bb4+ 10. c3 Ba5 11. Nc7+ Qxc7 12. Bxc7 Bxc7 13. Bd3 Nf6 14. O-O O-O
15. a4 d5 16. exd5 exd5 17. Qd2 Ne5 18. b4 Be6 19. Rfd1 Rfd8 20. a5 Ne4 21. Bxe4
dxe4 22. Qe3 f5 23. Qc5 Rdc8 24. b5 Kf7 25. b6 Bb8 26. Qb4 Nd3 27. Qb1 Ra6 28.
Ra4 Rxc3 29. g4 Rb3 30. Qc2 Rb2 31. Qc3 Be5 32. Rd4 Rb3 33. Rd7+ Bxd7 34. Qxb3+
Be6 35. Qb5 Kf6 36. g5+ Kxg5 37. Rxd3 exd3 38. Qxe5 Bc4 39. h4+ 1-0